Processos de contratação pública e desenvolvimento sustentável : (Record no. 302)

MARC details
000 -LÍDER
Campo Fixo de Controle 01021cam a2200253 a 4500
001 - NÚMERO DE CONTROLE
Campo de Controle 302
003 - IDENTIFICAÇÃO DO NÚMERO DE CONTROLE
Campo de Controle BR-CuiBMT
005 - DATA E HORA DA ÚLTIMA ATUALIZAÇÃO
Campo de Controle 20231110195117.0
008 - DADOS FIXOS
Dados Fixos 230928s2017 mgba 000 0 por d
020 ## - INTERNATIONAL STANDARD BOOK NUMBER
Nº do ISBN 9788545004080
040 ## - AGÊNCIA CATALOGADORA
Código da Agência Catalogadora BR-CuiBMT
Agência que transcreveu o registro BR-CuiBMT
080 ## - Nº DA CLASSIFICAÇÃO DECIMAL UNIVERSAL
Nº edição CDU 2007
Nº Class. CDU 351.712:502.131.1
090 ## - NÚMERO DE CHAMADA
Nº classificação 351.712:502.131.1
Cutter R829p
100 1# - ENTRADA PRINCIPAL -- AUTOR PESSOAL
Nome pessoal Rossetti, Suzana Maria
245 10 - TÍTULO PRINCIPAL
Título principal Processos de contratação pública e desenvolvimento sustentável :
Subtítulo premissas teóricas, políticas públicas e medidas concretas, considerando os regimes da Lei nº 8.666/93, Lei nº 10.520/02, Lei nº12.462/2011 e Lei nº 13.303/2016 /
Indicação de responsabilidade Suzana M. Rossetti ; Daniel Wunder Hachem, prefácio.
260 ## - PUBLICAÇÃO, DISTRIBUIÇÃO, ETC.
Local de publicação Belo Horizonte :
Editora Fórum,
Data 2017.
300 ## - DESCRIÇÃO FÍSICA
N. páginas ou volumes 341 p. :
Ilustrações il. ;
Dimensões 22 cm
504 ## - NOTA DE BIBLIOGRAFIA, ETC.
Nota de bibliografia Inclui bibliografia.
650 ## - ASSUNTO TÓPICO
Cabeçalho tópico ou nome geográfico Contratações sustentáveis
Subdivisão geográfica Brasil
650 ## - ASSUNTO TÓPICO
Cabeçalho tópico ou nome geográfico Contratação pública
Subdivisão geográfica Brasil
650 ## - ASSUNTO TÓPICO
Cabeçalho tópico ou nome geográfico Licitação sustentável
Subdivisão geográfica Brasil
650 ## - ASSUNTO TÓPICO
Cabeçalho tópico ou nome geográfico Desenvolvimento sustentável
Subdivisão geográfica Brasil
942 ## - ELEMENTOS DE ENTRADA ADICIONAIS (KOHA)
Fonte de classificação ou esquema de arquivamento Classificação Decimal Universal
Tipo de item do Koha Livros
Holdings
Estado: removido Estado: perdido Fonte de classificação ou esquema de arquivamento Estado: danificado Indisponível para empréstimo Localização permanente Localização atual Data de aquisição Total Checkouts Número de Chamada completo Código de barras Date last seen Número do exemplar Preço efetivo a partir de Tipo de item (Koha)
    Classificação Decimal Universal     Biblioteca da Escola Superior de Contas do TCE/MT Biblioteca da Escola Superior de Contas do TCE/MT 28/06/2023   351.712:502.131.1 R829p BIBTCEMT23090094 28/09/2023 Ex. 1 28/09/2023 Livros
    Classificação Decimal Universal     Biblioteca da Escola Superior de Contas do TCE/MT Biblioteca da Escola Superior de Contas do TCE/MT 22/11/2023   351.712:502.131.1 R829p BIBTCEMT23110829 22/11/2023 Ex. 2 22/11/2023 Livros
    Classificação Decimal Universal     Biblioteca da Escola Superior de Contas do TCE/MT Biblioteca da Escola Superior de Contas do TCE/MT 22/11/2023   351.712:502.131.1 R829p BIBTCEMT23110830 22/11/2023 Ex. 3 22/11/2023 Livros

Powered by Koha